Loading...
| Current Events | 2 | 20.00 | 100% | 100% | 0% |
| Fine Arts - Classical Music | 4 | 20.00 | 100% | 50% | 50% |
| Fine Arts - Other | 3 | 13.33 | 100% | 33% | 0% |
| Fine Arts - Painting and Sculpture | 7 | 17.14 | 100% | 57% | 14% |
| Geography | 1 | 20.00 | 100% | 100% | 0% |
| History - American | 5 | 10.00 | 100% | 0% | 0% |
| History - European | 5 | 18.00 | 100% | 80% | 0% |
| History - Other | 4 | 15.00 | 100% | 50% | 0% |
| History - World | 2 | 15.00 | 100% | 50% | 0% |
| Literature - American | 6 | 11.67 | 67% | 33% | 17% |
| Literature - British | 4 | 15.00 | 100% | 50% | 0% |
| Literature - European | 4 | 15.00 | 100% | 50% | 0% |
| Literature - World | 7 | 14.29 | 100% | 43% | 0% |
| Mythology | 5 | 12.00 | 100% | 20% | 0% |
| Philosophy | 4 | 17.50 | 100% | 75% | 0% |
| Pop Culture | 2 | 20.00 | 100% | 100% | 0% |
| Religion | 2 | 15.00 | 100% | 50% | 0% |
| Science - Biology | 5 | 8.00 | 60% | 20% | 0% |
| Science - Chemistry | 4 | 10.00 | 75% | 25% | 0% |
| Science - Other | 3 | 13.33 | 100% | 0% | 33% |
| Science - Physics | 8 | 11.25 | 100% | 13% | 0% |
| Social Science | 5 | 10.00 | 100% | 0% | 0% |